000 00589nam a22001937a 4500
999 _c264126
_d264125
003 OSt
005 20240725162103.0
008 240725b xxu||||| |||| 00| 0 eng d
010 _a 82083379
020 _a 0307602028 (lib. bdg.)
020 _a 0307030938 (hard)
040 _cDLC
050 _aSF426.5
_b .L48 1983
100 _a Lewis, Jean.
245 _a Dogs /
_cby Jean Lewis ; illustrated by Turi MacCombie.
260 _aNew York :
_a Racine, Wis. :
_bGolden Press ;
_bWestern Pub. Co.,
_cc1983.
300 _a[24] p. :
_b chiefly col. ill. ;
_c21 cm.
942 _2lcc
_cBK